| 000 -CABECERA |
| campo de control de longitud fija |
00822cam a22002774a 4500 |
| 001 - NÚMERO DE CONTROL |
| campo de control |
YPZ9535 |
| 003 - IDENTIFICADOR DEL NÚMERO DE CONTROL |
| campo de control |
AR-RgUNPA |
| 005 - FECHA Y HORA DE LA ÚLTIMA TRANSACCIÓN |
| campo de control |
20260218082317.0 |
| 008 - DATOS DE LONGITUD FIJA--INFORMACIÓN GENERAL |
| campo de control de longitud fija |
060802s1972 ag grb||| 001 ||spa|d |
| 040 ## - FUENTE DE LA CATALOGACIÓN |
| Centro/agencia transcriptor |
SIUNPA |
| Centro catalogador/agencia de origen |
SIUNPA |
| Lengua de catalogación |
spa |
| Normas de descripción |
AACR2 |
| 041 ## - CÓDIGO DE LENGUA |
| Código de lengua del texto/banda sonora o título independiente |
spa |
| 044 ## - CÓDIGO DEL PAÍS DE LA ENTIDAD EDITORA/PRODUCTORA |
| Código MARC del país |
ag |
| 080 ## - NÚMERO DE LA CLASIFICACIÓN DECIMAL UNIVERSAL |
| Número de la Clasificación Decimal Universal |
572.9(82) A265d |
| 100 ## - ENTRADA PRINCIPAL--NOMBRE DE PERSONA |
| Nombre de persona |
Agüero Vera, Juan Zacarías, |
| Código de función/relación |
, autor |
| Fechas asociadas al nombre |
1888-1943 |
| 245 ## - MENCIÓN DE TÍTULO |
| Título |
Divinidades diaguitas |
| Resto del título |
/ J. Z. Agüero Vera |
| 250 ## - MENCIÓN DE EDICIÓN |
| Mención de edición |
1a. ed. |
| 260 ## - PUBLICACIÓN, DISTRIBUCIÓN, ETC. |
| Lugar de publicación, distribución, etc. |
San Miguel de Tucumán |
| Nombre del editor, distribuidor, etc. |
: Universidad Nacional de Tucumán. Facultad de Filosofía y Letras |
| Fecha de publicación, distribución, etc. |
, 1972 |
| 300 ## - DESCRIPCIÓN FÍSICA |
| Extensión |
226 p. |
| 490 ## - MENCIÓN DE SERIE |
| Mención de serie |
(Cuadernos de humanitas |
| Designación de volumen o secuencia |
; no. 41) |
| 650 ## - PUNTO DE ACCESO ADICIONAL DE MATERIA--TÉRMINO DE MATERIA |
| Término de materia o nombre geográfico como elemento de entrada |
DIAGUITAS |
| 650 ## - PUNTO DE ACCESO ADICIONAL DE MATERIA--TÉRMINO DE MATERIA |
| Término de materia o nombre geográfico como elemento de entrada |
INDIGENA |
| 650 ## - PUNTO DE ACCESO ADICIONAL DE MATERIA--TÉRMINO DE MATERIA |
| Término de materia o nombre geográfico como elemento de entrada |
HISTORIA ARGENTINA |
| 650 ## - PUNTO DE ACCESO ADICIONAL DE MATERIA--TÉRMINO DE MATERIA |
| Término de materia o nombre geográfico como elemento de entrada |
RELIGION |
| 651 #0 - PUNTO DE ACCESO ADICIONAL DE MATERIA--NOMBRE GEOGRÁFICO |
| 9 (RLIN) |
28 |
| Nombre geográfico |
REGION PATAGONICA (ARGENTINA) |
| 942 ## - ELEMENTOS DE PUNTO DE ACCESO ADICIONAL (KOHA) |
| Tipo de ítem Koha |
Libros |
| Fuente del sistema de clasificación o colocación |
|